Zmenka ako zabezpečovací nástroj bankových úverov a pohľadávok

Posúdenie funkcií zmeniek ako zabezpečovacieho nástroja v obchodných vzťahoch. Zmenky ako zabezpečenie úverových obchodov vo finančných spoločnostiach v podmienkach Slovenska.

Na minha lista:
Detalhes bibliográficos
Autor principal: Pavelka, Ľuboš, 1962-
Formato: Capítulo de Livro
Idioma:eslovaco
Assuntos:
Tags: Adicionar Tag
Sem tags, seja o primeiro a adicionar uma tag!

MARC

LEADER 00000naa$a2200000$$$4500
001 0290153
005 20240502083936.8
041 0 |a slo 
044 |a AT 
245 1 0 |a Zmenka ako zabezpečovací nástroj bankových úverov a pohľadávok  |c Ľuboš Pavelka 
520 |a Posúdenie funkcií zmeniek ako zabezpečovacieho nástroja v obchodných vzťahoch. Zmenky ako zabezpečenie úverových obchodov vo finančných spoločnostiach v podmienkach Slovenska. 
610 2 0 |a úver bankový 
610 2 0 |a pohľadávky 
610 2 0 |a zmenky 
610 2 0 |a legislatíva 
100 1 |a Pavelka, Ľuboš, 1962-